From Nabataea to Roman Arabia : acquisition or conquest /

Bibliographic Details
Main Author: Al-Otaibi, Fahad Mutlaq
Format: Book
Language:English
Published: Oxford : Archaeopress, 2011.
Series:BAR international series ; 2212.
Subjects:

MARC

Tag First Indicator Second Indicator Subfields
LEADER 00000cam a2200000Ia 4500
001 in00002697321
005 20151202122144.0
008 110517s2011 enkab b 000 0 eng d
010 |a  2011379574 
020 |a 9781407307701 
020 |a 1407307703 
035 |a (OCoLC)ocn724492682 
035 |a (OCoLC)724492682 
040 |a SUC  |c SUC  |d YDXCP  |d DLC  |d ERASA  |d TXA  |d UtOrBLW 
043 |a ar-----  |a a-is--- 
049 |a TXAM 
050 4 |a DS154.22  |b .A56 2011 
100 1 |a Al-Otaibi, Fahad Mutlaq. 
245 1 0 |a From Nabataea to Roman Arabia :  |b acquisition or conquest /  |c Fahad Mutlaq Al-Otaibi. 
264 1 |a Oxford :  |b Archaeopress,  |c 2011. 
300 |a v, 139 pages :  |b illustrations, maps ;  |c 30 cm. 
336 |a text  |b txt  |2 rdacontent 
337 |a unmediated  |b n  |2 rdamedia 
338 |a volume  |b nc  |2 rdacarrier 
490 1 |a BAR International series ;  |v 2212 
504 |a Includes bibliographical references (pages 125-139). 
650 0 |a Nabataeans. 
651 0 |a Arabia, Roman  |x History. 
651 0 |a Rome  |x History  |y Empire, 30 B.C.-476 A.D. 
830 0 |a BAR international series ;  |v 2212. 
948 |a cataloged  |b h  |c 2011/6/10  |d c  |e ceaton  |f 1:17:08 pm 
994 |a C0  |b TXA 
999 |a MARS 
999 f f |s 59598144-7c3f-3cfe-9145-7703f28e9775  |i e9ac1530-d477-3de6-9c76-cd731fc3a539  |t 0 
952 f f |p ric  |a Texas A&M University  |b Rellis Campus  |c Joint Library Facility  |d Remote Storage  |t 0  |e DS154.22 .A56 2011  |h Library of Congress classification  |i unmediated -- volume  |m A14839649854 
998 f f |a DS154.22 .A56 2011  |t 0  |l Remote Storage